000 00857cam a2200157ua 4500
041 _aeng
_h
082 _a631.587
_bWOR/IR
110 1 _aWorld bank .
_b
_c(Washington D C )
245 _aIrrigation sector
260 _aMumbai :
_bAllied Publishers Pvt Ltd ,
_c1999.
300 _a121 ; .
500 _a**Reference
504 _a
942 _cBK
999 _c10982
_d10982